BIBLIOTECA Y CENTRO DE DOCUMENTACIÓN
Vista normal Vista MARC
  • Busto Duthurburu, José Antonio del

Entrada Personal Name

Número de registros utilizados en: 1

001 - CONTROL NUMBER

  • control field: 27864

003 - CONTROL NUMBER IDENTIFIER

  • control field: AR-MoUNM

005 - DATE AND TIME OF LATEST TRANSACTION

  • control field: 20260514185105.0

008 - FIXED-LENGTH DATA ELEMENTS

  • fixed length control field: 820628n| azannaabn |a aaa

010 ## - LIBRARY OF CONGRESS CONTROL NUMBER

  • LC control number: n 82075421

035 ## - SYSTEM CONTROL NUMBER

  • System control number: (OCoLC)oca00772163

035 ## - SYSTEM CONTROL NUMBER

  • System control number: 1937155

040 ## - CATALOGING SOURCE

  • Original cataloging agency: DLC
  • Language of cataloging: eng
  • Description conventions: rda
  • Transcribing agency: DLC
  • Modifying agency: OCoLC
  • Modifying agency: DLC
  • Modifying agency: FMFIU
  • Modifying agency: IEN
  • Modifying agency: UPB
  • Modifying agency: DLC

100 1# - HEADING--PERSONAL NAME

  • Personal name: Busto Duthurburu, José Antonio del

400 1# - SEE FROM TRACING--PERSONAL NAME

  • Personal name: Duthurburu, José Antonio del Busto

400 1# - SEE FROM TRACING--PERSONAL NAME

  • Personal name: Del Busto Duthurburu, José Antonio

400 1# - SEE FROM TRACING--PERSONAL NAME

  • Personal name: Busto, José Antonio del

400 1# - SEE FROM TRACING--PERSONAL NAME

  • Personal name: Del Busto, José Antonio

400 1# - SEE FROM TRACING--PERSONAL NAME

  • Personal name: Busto, José A. del
  • Fuller form of name: (José Antonio del)

400 1# - SEE FROM TRACING--PERSONAL NAME

  • Personal name: Busto D., José Antonio del
  • Fuller form of name: (Busto Duthurburu)

670 ## - SOURCE DATA FOUND

  • Source citation: His El conde de Nieva, 1963-

670 ## - SOURCE DATA FOUND

  • Source citation: His La conquista del Perú, 1981:
  • Information found: t.p. (José Antonio del Busto Duthurburu) cover (José Antonio del Busto D.)

670 ## - SOURCE DATA FOUND

  • Source citation: Pizarro, 2010:
  • Information found: t.p. (José Antonio del Busto Duthurburu) front flap (b. Lima, 1932; d. Lima, 2006)

670 ## - SOURCE DATA FOUND

  • Source citation: La heste peulera, 2011:
  • Information found: title page (José Antonio del Busto) page 4, etc. (José Antonio del Busto Duthurburu; biographer)

670 ## - SOURCE DATA FOUND

  • Source citation: La República website, August 15 2018:
  • Information found: posted December 25, 2006 (José Antonio del Busto Duthurburu; born 1932 in the district of Barranco where he lived until he was 18; studied in the Universidad Católica; became a history professor in 1953; author of Breve historia de los negros en el Perú and Marcha y navegaciones en la conquista del Perú; director of the Instituto Riva Agüero de la PUCP; naval historian)
  • Uniform Resource Identifier: https://larepublica.pe/tendencias/266794-murio-historiador-jose-antonio-del-busto

670 ## - SOURCE DATA FOUND

  • Source citation: Anuario de Historia de la Iglesia, no. 17, 2008:
  • Information found: page 414, etc. (José Antonio del Busto Duthurburu; born August 21, 1932 in Barranco, a district of Lima, Peru; died December 25, 2006 in Lima; historian; genealogist; professor who was affiliated with various institutions; son of José Antonio del Busto Risco and María Angélica Duthurburu Villalta; author of several works including El conde de Nieva (1963), La heste peulera (1981), and Pizarro (2000-2001))
  • Uniform Resource Identifier: https://revistas.unav.edu/index.php/anuario-de-historia-iglesia/article/view/9968/19553

670 ## - SOURCE DATA FOUND

  • Source citation: Túpac Yupanqui, 2017:
  • Information found: volume 1, title page (José Antonio del Busto Duthurburu) title page verso (José Antonio Juan del Busto Duthurburu) cover back flap (born 1932 in Lima; died 2006 in Lima) page xiv (author of Pizarro)
Biblioteca UNM
Universidad Nacional de Moreno
Av. Bme. Mitre Nº 1891 (B1744OHC) Moreno
Provincia de Buenos Aires, República Argentina
(0237) 460-9300 (líneas rotativas)
(011) 2078-9170 (líneas rotativas)
biblioteca@unm.edu.ar
Universidad del Bicentenario Argentino